00378nam a2200145Ia 4500003000400000005001700004008004100021040001800062041000800080100004900088110001900137245003600156260001400192710002600206OSt20260317111802.0211028s2017 xx 000 0 und d cAIMIT LIBRARY aeng aConceicao, Cheryl Anne; R Manimozhi.g141709 aRoshan Suvaris aCommscope admin self services / aGoac2017 aBiblios Somyaji House